Managing personnel and performance

Bibliographic Details
Main Author: Bennett, Roger
Format: Book
Published: London : Business Books , 1981
Subjects:

MARC

LEADER 00000cam a2200000 7i4500
001 0000007185
005 20030129.0
040 |a INS 
090 0 0 |a HF5549.   |b B469 1981 
100 1 |a Bennett, Roger 
245 1 0 |a Managing personnel and performance   |c Roger Bennett 
260 |a London :   |b Business Books ,   |c 1981 
300 |a xxii, 250p. ;   |c 23 cm. 
650 0 0 |a Personnel management 
999 |a 0000000478   |b BOOK   |c Open Shelf   |e Default branch